Διαπίστευση των βιο-ιατρικών εργαστηρίων
Saved in:
| Main Author: | |
|---|---|
| Format: | Book |
| Language: | Greek |
| Published: |
Αθήνα :
Π.Χ. Πασχαλίδης,
2010
|
| Subjects: | |
| Tags: |
Add Tag
No Tags, Be the first to tag this record!
|
MARC
| LEADER | 00000nam a2200000 i 4500 | ||
|---|---|---|---|
| 001 | 1/40471 | ||
| 008 | 140122s2010 gre d | ||
| 020 | |a 978-960-399-938-6 (τ.1) | ||
| 035 | |l 10116392 | ||
| 040 | |a GR-MY-UA |b gre |e aacr | ||
| 041 | 0 | |a gre | |
| 082 | 0 | |a 507.2 |2 (22) | |
| 100 | 1 | |a Μαυρίδου, Αθηνά. | |
| 245 | 1 | 0 | |a Διαπίστευση των βιο-ιατρικών εργαστηρίων / |c Αθηνά Μαυρίδου |
| 260 | |a Αθήνα : |b Π.Χ. Πασχαλίδης, |c 2010 | ||
| 300 | |a 134 σ.; |b εικ.; |c 24 εκ. | ||
| 504 | |a Βιβλιογραφία: σ. 127, ευρετήριο | ||
| 650 | 0 | 0 | |a Laboratories |x Management. |
| 650 | 0 | 0 | |a Laboratories |x Safety regulations. |
| 650 | 0 | 0 | |a Laboratories |x Safety measures. |
| 650 | 0 | 0 | |a Laboratories |x Safety measures |x Standards. |
| 852 | |a INST |b LESVOS |c EUDOXUS |e 20140122 |h 507.2 ΜΟΥ |p 005100052653 |q 005100052653 |t EDX |y 0 | ||
| 852 | |a INST |b LESVOS |c EUDOXUS |e 20140305 |h 507.2 ΜΟΥ |p 005100053602 |q 005100053602 |t EDX |y 0 | ||
| 852 | |a INST |b LESVOS |c EUDOXUS |e 20140305 |h 507.2 ΜΟΥ |p 005100053603 |q 005100053603 |t EDX |y 0 | ||
| 901 | |a BIBL1-2014-1 | ||
| 909 | |a Λ |b 186512 | ||
| 920 | |a ΕΥΔΟΞΟΣ |b ΠΑΡΑΓΓΕΛΙΑ |y ΛΕΣΒΟΣ-ΤΓ |z 2013-04 | ||
| 920 | |a ΕΥΔΟΞΟΣ |b ΠΑΡΑΓΓΕΛΙΑ |y ΛΕΣΒΟΣ-ΤΕΘ |z 2013-12 | ||
| 970 | |a ΤΖΑΦΕΡΗ |b ΕΥΑΓΓΕΛΙΑ |z 2014/01/22 | ||